SolidWorks 2013 bible (Record no. 171785)
[ view plain ]
| 000 -LEADER | |
|---|---|
| fixed length control field | 01506nam a2200361 a 4500 |
| 100 1# - MAIN ENTRY--AUTHOR NAME | |
| Personal name | Lombard, Matt. |
| 245 10 - TITLE STATEMENT | |
| Title | SolidWorks 2013 bible |
| 250 ## - EDITION STATEMENT | |
| Edition statement | 1st ed. |
| 260 ## - PUBLICATION, DISTRIBUTION, ETC. (IMPRINT) | |
| Place of publication | Indianapolis, Ind. : |
| Name of publisher | Wiley, |
| Year of publication | 2013. |
| 300 ## - PHYSICAL DESCRIPTION | |
| Number of Pages | xlv, 1249 p. : |
| Other physical details | ill. |
| 500 ## - GENERAL NOTE | |
| General note | On cover: The comprehensive tutorial resource. |
| General note | Includes index. |
| 505 0# - FORMATTED CONTENTS NOTE | |
| Formatted contents note | pt. 1. Introducing SolidWorks basics -- pt. 2. Building intelligence into your parts -- pt. 3. Working with assemblies -- pt. 4. Creating drawings -- pt. 5. Using advanced and specialized techniques. |
| 650 #0 - SUBJECT ADDED ENTRY--TOPICAL TERM | |
| Topical Term | Computer-aided design. |
| Topical Term | Engineering graphics |
| 856 40 - ELECTRONIC LOCATION AND ACCESS | |
| Uniform Resource Identifier | http://site.ebrary.com/lib/rucke/Doc?id=10662544 |
No items available.
